Who's That Movie About? Quiz Stats

 Plays Quiz Updated Feb 13, 2014

Support Sporcle.
Go Orange.
Score 0/22 Timer 04:00
0 Plays Today
% Correct
George VI
95.4%
Johnny Cash
95.4%
Margaret Thatcher
95.3%
Maria von Trapp
93.4%
Wolfgang Mozart
93%
Howard Hughes
87.2%
Tina Turner
86.9%
Lou Gehrig
83.6%
Jake LaMotta
81.4%
Wyatt Earp
80.1%
Puyi
77.9%
% Correct
Ritchie Valens
77.8%
Andy Kaufman
76.9%
Loretta Lynn
76%
Billie Holiday
75.9%
Fanny Brice
73.7%
James M. Barrie
72.3%
Erwin Rommel
70.4%
Benjamin Siegel
69.4%
Anne Sullivan
68.6%
Ernesto (Che) Guevara
65.2%
John F. Kennedy
63.6%

From the Vault

Disney First Lines

by Gidget17

Movies 6m
These Disney movies know how to make a great introduction.
Remove Ads.
Support Sporcle.
Get the best of Sporcle when you Go Orange. This ad-free experience offers more features, more stats, and more fun while also helping to support Sporcle. Thank you for becoming a member.

Show Comments

Extras

Top Quizzes Today


Score Distribution

Your Account Isn't Verified!

In order to create a playlist on Sporcle, you need to verify the email address you used during registration. Go to your Sporcle Settings to finish the process.

Report this User

Report this user for behavior that violates our Community Guidelines.

Details: